| 000 | 00929cam a2200157ua 4500 | ||
|---|---|---|---|
| 041 |
_aeng _h |
||
| 082 |
_a629.114 _bIND/SP |
||
| 110 | 1 |
_aIndian standards institution . _bISI _c() |
|
| 245 |
_aSpecification for half cage wheel for agricultural tractors,IS:11081-1984 / _cIndian standards institution. _hTextual Documents |
||
| 250 |
_a1 / _b. |
||
| 260 |
_a : _bISI , _c1985. |
||
| 300 | _a6 ; . | ||
| 504 | _a | ||
| 942 | _cBK | ||
| 999 |
_c4193 _d4193 |
||